000 00698nam a2200205Ia 4500
003 GCL
008 140319s9999 xx 000 0 ara d
040 _aGCL /
_cGCL
082 0 4 _a823.03
_bهـ ع
100 1 _aمحمد عنانى
245 1 0 _aعيد ميلاد جديد /
_cمحمد عنانى
700 1 _aامين العيوطى
700 1 _aنهاد صليحة
260 _a[S.N] :
_bمركز الاهرام للترجمة والنشر ،
_c1991
300 _a456 ص
490 _aمن روائع الادب الامريكى المعاصر
_v0
650 0 4 _aالقصص الامريكية المترجمة
650 0 4 _aالادب الامريكى المترجم
942 _2ddc
_cBK
999 _c30024
_d30024